000
00374nam a2200145Ia 4500
008
090124s9999 xx 000 0 und d
082
_b
302711
245
_a
स्वप्ना
250
_a
1
260
_b
गोविलकर सुमती र.
_c
1993
300
_a
120
630
_a
स्वप्ना
730
_a
स्वप्ना
942
_c
BOOK
999
_c
192348
_d
192348